Chemical engineering plant design (Record no. 18678)

000 -LEADER
fixed length control field 00563nam a22002051 4500
001 - CONTROL NUMBER
control field 18678
003 - CONTROL NUMBER IDENTIFIER
control field BD-DhUET
008 - FIXED-LENGTH DATA ELEMENTS--GENERAL INFORMATION
fixed length control field 840411s1959 nyua 000 0 eng
040 ## - CATALOGING SOURCE
Original cataloging agency DLC/ICU
Transcribing agency ICU
Modifying agency BD-DhUET
082 00 - DEWEY DECIMAL CLASSIFICATION NUMBER
Classification number 660.28
Item number VIL/1959
100 1# - MAIN ENTRY--PERSONAL NAME
Personal name Vilbrandt, Frank C.
245 10 - TITLE STATEMENT
Title Chemical engineering plant design
250 ## - EDITION STATEMENT
Edition statement 4th ed.
260 ## - PUBLICATION, DISTRIBUTION, ETC. (IMPRINT)
Place of publication, distribution, etc. New York
Name of publisher, distributor, etc. McGraw-Hill
Date of publication, distribution, etc. 1959
300 ## - PHYSICAL DESCRIPTION
Extent 534 p.
Other physical details illus.
Dimensions 24 cm.
490 0# - SERIES STATEMENT
Series statement McGraw-Hill series in chemical engineering
650 #0 - SUBJECT ADDED ENTRY--TOPICAL TERM
Topical term or geographic name as entry element Chemical engineering
700 ## - ADDED ENTRY--PERSONAL NAME
Personal name Dryden, Charles E.
942 ## - ADDED ENTRY ELEMENTS (KOHA)
Koha item type General Book
Holdings
Location (home branch) Damaged status Koha full call number Koha normalized classification for sorting Koha date last seen Koha item type Shelving location Copy number Date acquired Sublocation or collection (holding branch) Source of classification or shelving scheme Lost status Price effective from Not for loan Piece designation (barcode) Withdrawn status
Central Library, BUET 660.28/VIL/1959660_280000000000000_VIL_19592015-03-31General BookCirculation section12015-03-31Central Library, BUET  2015-03-31 16370 
Central Library, BUET 660.28/VIL/1959660_280000000000000_VIL_19592015-03-31General BookCirculation section22015-03-31Central Library, BUET  2015-03-31 24467 
Central Library, BUET 660.28/VIL/1959660_280000000000000_VIL_19592015-03-31Contented Book Circulation section32015-03-31Central Library, BUET  2015-03-31 24468 
Central Library, BUET 660.28/VIL/1959660_280000000000000_VIL_19592015-03-31General BookCirculation section42015-03-31Central Library, BUET  2015-03-31 16369 
Central Library, BUET 660.28/VIL/1959660_280000000000000_VIL_19592015-05-14General BookCirculation section52015-05-14Central Library, BUET  2015-05-14 1060 
Central Library, BUET 660.28/VIL/1959660_280000000000000_VIL_19592015-05-14General BookCirculation section62015-05-14Central Library, BUET  2015-05-14 11229 
Central Library, BUET 660.28/VIL/1959660_280000000000000_VIL_19592015-06-18Reading ItemReading section72015-06-18Central Library, BUET  2015-06-18 11231